| Registos Bibliográficos associados ao registo de autoridade |
|
Etiqueta de registo: 00254nam 2200025 450 001 2277058 003 http://id.bnportugal.gov.pt/bib/catbnp/2277058 100 ## $a20260306d2025 k y0pory01030103ba 101 0# $apor$deng$dspa 102 ## $aPT 105 ## $aa m 000yy 106 ## $ar 200 1# $aEducação museal e patrimonial no distrito Federal$epolíticas públicas e perspectivas sociomuseológicas$fMaria Paz Josetti Fuenzalida$gorient. Maristela dos Santos Simão 210 #9 $aLisboa$c[s.n.],$d2025 215 ## $a301, XXI f.$cil.$d30 cm 328 #1 $aTese dout. Museologia, Faculdade de Ciências Sociais, Educação e Administração, Universidade
Lusófona, 2025 675 ## $a304.4(81)(043)$vBN$zpor$31310062 675 ## $a069.1(81)(043)$vBN$zpor$31501656 700 #1 $aFuenzalida,$bMaria Paz Josetti$31989547 702 #1 $a Simão,$bMaristela dos Santos$4727$31989550 801 #0 $aPT$bBN$gRPC 966 ## $lBN$mFGMON$sP. 72550 V.$x1 971 ## $cabrito$d20260306 972 ## $e0$z0$d20260421$vasantos 973 ## $caalmeid$d20260416
|
|
|